00502nam a2200193 a 4500001001300000003000900013005001700022008004100039020001000080082001600090100002200106245002200128260004600150300000900196500003500205505002600240650002000266700002200286nice12345678IN_TiNIC20260116012002.0050524s1266 dela grp 000 0 per  ac10000a297.82bDIL aDildar,, Syed Ali aRisalah-E-Ghibat. aDelhi bPayam-E-mashriq Book Depot c1266 a72p. aincludes index and biblioraphy2 aworld christian books aShiah-Doctrines1 aDildar,, Syed Ali